Normal view
MARC view
- Adaptación estudiantil
Entry Materia
001 - NÚMERO DE CONTROL DEL REGISTRO
- campo de control: 387
003 - IDENTIFICADOR DE NUMERO DE CONTROL
- campo de control: UPN
005 - FECHA Y HORA DE LA ÚLTIMA TRANSACCIÓN
- campo de control: 20230131125626.0
008 - DATOS DE LONGITUD FIJA
- campo de control de longitud fija: 230131n||acnnnbabn | ana |d
035 ## - NÚMERO DE CONTROL DEL SISTEMA
- Número de control del sistema: UPN10000000387
040 ## - FUENTE DE LA CATALOGACIÓN
- Centro catalogador de origen: UPN
- Lengua de catalogación: spa
- Agencia de transcripción: UPN
046 ## - FECHAS CON CODIFICACIÓN ESPECIAL
- Fecha final para contenidos agregados: 2023
150 ## - ENCABEZAMIENTO - TEMÁTICO
- Término de materia o nombre geográfico como elemento inicial: Adaptación estudiantil
450 ## - VÉASE - MATERIA
- Encabezamiento temático: Adaptación escolar
450 ## - VÉASE - MATERIA
- Encabezamiento temático: Adaptación del estudiante
450 ## - VÉASE - MATERIA
- Encabezamiento temático: Adaptación (Educación)
450 ## - VÉASE - MATERIA
- Encabezamiento temático: Inadaptación escolar
450 ## - VÉASE - MATERIA
- Encabezamiento temático: Escolares
- Subdivisión temática general: Adaptación
450 ## - VÉASE - MATERIA
- Encabezamiento temático: Estudiantes
- Subdivisión temática general: Adaptación
450 ## - VÉASE - MATERIA
- Encabezamiento temático: Adaptación al medio escolar
670 ## - FUENTE EN LA QUE SE LOCALIZARON DATOS
- Cita de la fuente: E/P
902 ## - CATALOGADOR
- Catalogador: MMA/120905
